[Event "XXVI Ciudad de Linares"]
[Site "Linares"]
[Date "2009.03.03"]
[Round "11"]
[White "Dominguez Perez, Leinier"]
[Black "Aronian, Levon"]
[Result "1/2-1/2"]
[WhiteElo "2717"]
[BlackElo "2750"]
[PlyCount "112"]
[EventDate "2009.??.??"]
[EventCountry "ESP"]
[Source "Chess Tigers"]
[SourceDate "2009.01.01"]

1. e4 e5 2. Nf3 Nc6 3. Bb5 a6 4. Ba4 Nf6 5. O-O Be7 6. Re1 b5 7. Bb3 O-O 8. h3
Bb7 9. d3 d5 10. exd5 Nxd5 11. a4 (11. c3 Qd7 12. Nxe5 Nxe5 13. Rxe5 Rad8 14.
Qg4 f5 15. Qg3 Bf6 16. Re1 Kh8 17. Nd2 b4 18. Nf3 bxc3 19. d4 f4 20. Qg4 Qxg4
21. hxg4 g5 22. Ne5 Kg7 23. bxc3 Nxc3 24. Bb2 Nd5 25. Rac1 Rfe8 26. Ba3 Re6 27.
Rc2 Be7 28. Bxd5 Bxd5 29. Rxc7 Re8 30. Rd7 Bxa2 31. Rc1 Kg8 32. Rcc7 Bf6 33.
Nc6 Re1+ 34. Kh2 Be6 35. Rd6 Bg7 36. Ne7+ Kh8 37. Nf5 Bf8 38. Rxa6 Bxf5 39.
Bxf8 Rxf8 40. gxf5 Kg8 41. f6 Re4 42. Rg7+ Kh8 43. Re7 Rxe7 44. fxe7 Re8 45.
Ra7 Kg7 46. d5 Kf7 47. d6 Rb8 48. Rc7 {1-0 Topalov,V (2780)-Leko,P (2753)/
Morelia/Linares 2008/CBM 123}) 11... Nd4 12. Nbd2 $146 (12. Nxd4 exd4 13. axb5
axb5 14. Rxa8 Bxa8 15. Na3 Bb4 16. Re5 Bd6 17. Re1 Bb4 18. Bd2 Bxd2 19. Qxd2
Bc6 (19... Qf6 20. Bxd5 {1/2-1/2 Karjakin,S (2706)-Aronian,L (2750)/Wijk aan
Zee 2009/CB06_2009}) 20. Re5 b4 21. Nb5 Nf6 22. Qf4 Bd5 23. Bxd5 Nxd5 24. Qxd4
c6 25. Na7 Qc7 26. Nxc6 Qxc6 27. Rxd5 Qxc2 28. Qxb4 h6 29. Rd7 Qc6 30. Qd4 Re8
31. b4 Qc1+ 32. Kh2 Re1 33. h4 Qc6 34. Qd6 Qc1 35. Qb8+ Kh7 36. Rxf7 Rh1+ 37.
Kg3 Qc6 38. Rf4 Qg6+ 39. Rg4 Qxd3+ 40. f3 Qe3 41. Qd6 Qe1+ 42. Kf4 Qc1+ 43. Kg3
Qe1+ 44. Kf4 Qc1+ 45. Ke5 Qc3+ 46. Qd4 Qc7+ 47. Qd6 Qc3+ 48. Qd4 Qc7+ 49. Qd6
Qc3+ {1/2-1/2 Leko,P (2747)-Jakovenko,D (2737)/Elista 2008/CB01_2009}) 12... c5
13. Nxd4 exd4 14. Qf3 Bc6 15. Ne4 Qd7 16. Bg5 f6 17. Bd2 Kh8 18. axb5 axb5 19.
Rxa8 Rxa8 20. Qh5 Bf8 21. Ng3 Bb7 22. Qg4 Qxg4 23. hxg4 Rc8 24. Nf5 c4 25. Ba2
Nb4 26. Bb1 Nc6 27. dxc4 bxc4 28. c3 d3 29. Ba2 Ne5 30. Ne3 g5 31. Rb1 Ba6 32.
b3 Bc5 33. bxc4 Bxe3 34. Bxe3 Bxc4 35. Bxc4 Nxc4 36. Bd4 Kg7 37. Rd1 d2 38. Kf1
Re8 39. Be3 Nxe3+ 40. fxe3 Rxe3 41. Rxd2 Rxc3 42. Kf2 Kg6 43. Rd6 Rc1 44. Ra6
Rc4 45. Kg3 Rf4 46. Kh3 Rf1 47. g3 Rf2 48. Ra7 Rf3 49. Kg2 Re3 50. Ra6 Kf7 51.
Ra7+ Re7 52. Ra6 Re6 53. Ra7+ Kg6 54. Kh3 h6 55. Rb7 Re2 56. Rg7+ Kxg7 1/2-1/2

[Event "XXVI Ciudad de Linares"]
[Site "Linares"]
[Date "2009.03.05"]
[Round "12"]
[White "Anand, Viswanathan"]
[Black "Ivanchuk, Vassily"]
[Result "1/2-1/2"]
[WhiteElo "2791"]
[BlackElo "2779"]
[PlyCount "64"]
[EventDate "2009.??.??"]
[Source "Chess Tigers"]
[SourceDate "2009.01.01"]

1. e4 e5 2. Nf3 Nc6 3. Bb5 Nf6 4. O-O Nxe4 5. d4 Nd6 6. Bxc6 dxc6 7. dxe5 Nf5
8. Qxd8+ Kxd8 9. Nc3 Ke8 10. h3 b6 11. Re1 (11. Rd1 Be7 12. Bg5 Bb7 13. Bxe7
Kxe7 14. g4 Nh6 15. Nd4 Rhd8 16. f4 c5 17. Ndb5 Rdc8 18. Kf2 Bc6 19. a4 a6 20.
Na3 Rd8 21. b3 f6 22. Nc4 Nf7 23. exf6+ Kxf6 24. Ne3 Ke6 25. Re1 Rd2+ 26. Kg3
Kf6 27. Rad1 Rad8 28. Rxd2 Rxd2 29. Rd1 Rxd1 30. Ncxd1 Nd6 31. Nc3 Ke6 32. Kf2
b5 33. axb5 axb5 34. Ke2 b4 35. Ncd1 Bb5+ 36. Ke1 c4 37. Nf2 cxb3 38. cxb3 c5
39. Kd2 c4 40. bxc4 Nxc4+ 41. Nxc4 Bxc4 42. Ne4 Kd5 43. Ng3 g6 44. h4 Kd4 45.
f5 b3 46. f6 Ke5 47. g5 Ke6 48. Ne4 Ke5 49. Nc5 Kf4 50. Kc3 Bf7 51. Nxb3 Kg4
52. Nc5 Kxh4 53. Ne4 Kg4 54. Kd4 Kf4 55. Nd6 Kxg5 56. Ke5 Ba2 57. f7 Bxf7 {1/
2-1/2 Ivanchuk,V (2781)-Kramnik,V (2788)/Moscow 2008/CBM 126 Extra}) (11. a3
Bb7 12. Bf4 c5 13. Rad1 Bxf3 14. gxf3 c6 15. Be3 Rd8 16. Ne4 Be7 17. f4 f6 18.
Rxd8+ Kxd8 19. Ng3 Nh4 20. Rd1+ Kc8 21. Kf1 c4 22. Ke2 Rd8 23. Rd4 Rxd4 24.
Bxd4 c5 25. Bc3 fxe5 26. fxe5 Kd7 27. Ke3 Ke6 28. Ke4 g6 29. a4 a6 30. f4 Nf5
31. Nxf5 gxf5+ {1/2-1/2 Radjabov,T (2751)-Carlsen,M (2786)/Kallithea 2008/CBM
127}) (11. Bf4 Bb4 12. Ne4 Ba6 13. Rfc1 Be2 14. Nh2 Rd8 15. g4 Rd4 16. Ng3 Nxg3
17. Bxg3 Bd2 18. Rcb1 h5 19. c3 Rd3 20. Nf1 hxg4 21. Rd1 gxh3 22. Rxd2 Bxf1 23.
Rxd3 Bxd3 24. Rd1 Bc4 25. b3 Be6 26. Kh2 g5 27. f3 c5 28. Bf2 g4 29. fxg4 Bxg4
30. Rd2 a5 31. a3 Ke7 32. b4 cxb4 33. cxb4 axb4 34. axb4 Bf5 35. Bg3 Ke6 36.
Rb2 Rd8 37. Kg1 Rd3 38. Kh2 Rc3 39. Bf4 Kd5 40. Bg3 c6 41. Bf2 c5 42. bxc5 bxc5
43. Bg3 c4 44. Rd2+ Rd3 45. Rf2 {0-1 Shirov,A (2739)-Kramnik,V (2785)/Moscow
2007/EXT 2008}) (11. g4 Ne7 12. Nd4 h5 13. f3 hxg4 14. hxg4 Ng6 15. Kg2 Bc5 16.
Nxc6 Bb7 17. b4 Bxc6 18. bxc5 Nh4+ 19. Kg3 Nxf3 20. Be3 Nxe5 21. Bd4 f6 22.
Rae1 Rf8 23. Bxe5 fxe5 24. Rxe5+ Kd7 25. Rd1+ Kc8 26. Nd5 Rf7 27. Ne7+ Kb7 28.
Nxc6 Kxc6 29. Rd3 b5 30. a3 a5 31. Re6+ Kxc5 32. Rc3+ Kd5 33. Rec6 b4 34. axb4
axb4 35. R3c5+ Kd4 36. Rc4+ Kd5 37. R4c5+ Kd4 38. Rc4+ Kd5 {1/2-1/2 Ponomariov,
R (2718)-Kramnik,V (2788)/Moscow 2008/CBM 126 Extra}) (11. Ne4 Be6 12. g4 Ne7
13. Re1 h6 14. Nd4 Bd5 15. Bf4 Kd7 16. Rad1 Kc8 17. Bg3 Kb7 18. e6 Rd8 19. Nc3
f6 20. Nxd5 cxd5 21. Nb5 Rc8 22. c4 a6 23. Nxc7 Rxc7 24. cxd5 Nc8 25. Bxc7 Kxc7
26. Rc1+ Kd8 27. Rxc8+ Kxc8 28. e7 Bxe7 29. Rxe7 Rd8 30. Rxg7 Rxd5 31. Rg6 Rd2
32. Rxh6 Rxb2 33. Rxf6 Kd7 34. a4 Ke7 35. g5 Rb4 36. Kg2 a5 37. Kg3 Rxa4 38.
Rxb6 Ra1 39. Ra6 a4 40. Kg4 a3 41. f4 a2 42. Kf5 {1-0 So,W (2610)-Ni Hua (2710)
/Dresden 2008/CB49_2008}) 11... Bb4 12. Bd2 Be6 13. g4 $146 (13. a3 Bxc3 14.
Bxc3 c5 15. Rad1 a5 16. g4 Ne7 17. Kh2 Nc6 18. Ng5 h6 19. Ne4 h5 20. Kg3 Rd8
21. f4 hxg4 22. hxg4 g6 23. Rxd8+ Kxd8 24. Ng5 Ke7 25. Rd1 Rd8 26. Rxd8 Kxd8
27. Kf3 Ke8 28. Nxe6 fxe6 29. a4 Ne7 30. Ke4 Kf7 31. Be1 Nc6 32. Bh4 Nd4 33.
Bd8 b5 34. axb5 Nxb5 35. c4 {1-0 Perez Garcia,R (2406)-Narciso Dublan,M (2469)/
Havana 1999/CBM 070 ext}) 13... Ne7 14. Kg2 Rd8 15. a3 Bxc3 16. Bxc3 c5 17.
Rad1 Rxd1 18. Rxd1 a5 19. Kg3 h6 20. Nh4 g5 21. Ng2 Ng6 22. f3 a4 23. Rh1 Kd7
24. h4 h5 25. hxg5 hxg4 26. Rxh8 Nxh8 27. f4 Ng6 28. Ne3 Ne7 29. Nxg4 Bf5 30.
Ne3 Be4 31. b3 axb3 32. cxb3 Nf5+ 1/2-1/2

[Event "XXVI Ciudad de Linares"]
[Site "Linares"]
[Date "2009.03.05"]
[Round "12"]
[White "Aronian, Levon"]
[Black "Wang, Yue"]
[Result "1/2-1/2"]
[WhiteElo "2750"]
[BlackElo "2739"]
[PlyCount "61"]
[EventDate "2009.??.??"]
[Source "Chess Tigers"]
[SourceDate "2009.01.01"]

1. c4 c6 2. e4 d5 3. exd5 cxd5 4. d4 Nf6 5. Nc3 Nc6 6. Bg5 dxc4 7. Bxc4 h6 8.
Bf4 (8. Bh4 Qxd4 9. Qxd4 Nxd4 10. O-O-O e5 11. Nf3 Nxf3 12. Bxf6 gxf6 13. Bb5+
Ke7 14. Nd5+ Kd8 15. gxf3 Bd6 16. Rd2 Be6 17. Rhd1 Bc5 18. Nb6+ Ke7 19. Nxa8
Rxa8 20. Bd7 Bxa2 21. Bg4 Bd4 22. f4 {1/2-1/2 Aronian,L (2750)-Stellwagen,D 
(2612)/Wijk aan Zee 2009/CB06_2009}) (8. Be3 e6 9. Nf3 Be7 10. O-O O-O 11. Rc1
b6 12. a3 Bb7 13. Qe2 Bd6 14. Rfd1 Ne7 15. Ne5 Nfd5 16. Nxd5 Nxd5 17. Bd2 Qh4
18. Nf3 Qh5 19. Ne5 Qh4 20. Nf3 Qe7 21. Ne5 Rfc8 22. Re1 Qh4 23. Nf3 Qh5 24.
Ne5 Qxe2 25. Bxe2 Ne7 26. Nc4 Bc7 27. Ne3 Bf4 28. g3 Bg5 29. h4 Bf6 30. Bc3 Nd5
31. Ng4 Nxc3 32. Nxf6+ gxf6 33. Rxc3 Rxc3 34. bxc3 Rc8 35. Rc1 e5 36. dxe5 fxe5
37. f3 Kf8 38. Kf2 Rc5 39. Ke3 Ra5 40. Ra1 Ke7 41. f4 Kf6 42. Rf1 Bd5 43. g4
Rxa3 44. fxe5+ Kxe5 45. Rf5+ Kd6 46. Kd4 Be6 47. Rh5 Ra2 48. Bd3 Bxg4 49. Rxh6+
Ke7 50. Rh8 Ra5 51. Be4 Ra4+ 52. c4 Be6 53. Bd5 Bxd5 54. Kxd5 Ra5+ 55. Kd4 Kf6
56. h5 Rc5 57. Ra8 a5 58. Rb8 Rc6 59. Rg8 Rd6+ 60. Ke4 Re6+ 61. Kd4 Ke7 62. Rg5
Rf6 63. Rb5 Rd6+ 64. Ke4 Kf6 65. c5 bxc5 66. Rxa5 Re6+ 67. Kf4 Rc6 68. Ra1 c4
69. Rg1 Rc5 70. Rh1 Kg7 71. Ke3 c3 {0-1 Bareev,E (2655)-Wang Yue (2704)/
Amsterdam 2008/CBM 126}) 8... e6 9. Nf3 Bd6 10. Be5 O-O 11. Qe2 b6 12. a3 Bb7
13. Rd1 Re8 14. O-O Bf8 15. Rfe1 Nd5 16. Nxd5 exd5 17. Ba2 Na5 18. Bb1 Bc8 19.
g3 Nc4 20. Nh4 Qg5 21. Qc2 g6 22. Bf4 Rxe1+ 23. Rxe1 Qf6 24. Qc1 Bd7 25. Bxh6
Bxh6 26. Qxh6 Re8 27. Rxe8+ Bxe8 28. Nf5 Bd7 29. g4 Bxf5 30. gxf5 Qxd4 31. fxg6
1/2-1/2

[Event "XXVI Ciudad de Linares"]
[Site "Linares"]
[Date "2009.03.05"]
[Round "12"]
[White "Carlsen, Magnus"]
[Black "Grischuk, Alexander"]
[Result "1-0"]
[WhiteElo "2776"]
[BlackElo "2733"]
[PlyCount "73"]
[EventDate "2009.??.??"]
[Source "Chess Tigers"]
[SourceDate "2009.01.01"]

1. e4 c5 2. Nf3 d6 3. d4 cxd4 4. Nxd4 Nf6 5. Nc3 a6 6. Be2 e6 7. O-O Be7 8. a4
Nc6 9. Be3 O-O 10. f4 Qc7 11. Kh1 Re8 12. Bf3 Bf8 13. Qd2 Rb8 14. Qf2 e5 (14...
Bd7 15. g4 e5 16. Nf5 exf4 17. Bxf4 Be6 18. Rad1 Ne5 19. Bxe5 dxe5 20. g5 Nd7
21. Nd5 Qc6 22. Bg2 Qc5 23. Qh4 Qxc2 24. Rc1 Qxa4 25. b3 Qa5 26. Rc3 g6 27. Rh3
h5 28. Bf3 Bxd5 29. exd5 Bg7 30. Bxh5 gxf5 31. Bxf7+ Kxf7 32. g6+ Kg8 33. Qh7+
Kf8 34. Rxf5+ Ke7 35. Qxg7+ Kd6 36. Rf7 Qxd5+ 37. Kg1 Rbd8 38. Rh7 Qd4+ 39. Kg2
Qg4+ 40. Kh1 Rg8 41. Rf6+ Kc7 42. Qe7 Qe4+ {0-1 Carlsen,M (2733)-Anand,V (2799)
/Wijk aan Zee 2008/CBM 122}) (14... Nd7 15. h3 b6 16. Nxc6 Qxc6 17. e5 Qc7 18.
exd6 Bxd6 19. Rad1 Nf6 20. Ne4 Nxe4 21. Bxe4 Bc5 {1/2-1/2 Adams,M (2724)-Van
Wely,L (2680)/London 2007/CBM 120}) 15. fxe5 $146 (15. Nde2 exf4 (15... b5 16.
axb5 axb5 17. f5 (17. fxe5 Nxe5 18. Nf4 {1/2-1/2 Hansen,S (2549)-Nielsen,P 
(2625)/Silkeborg 2008/CBM 123 Extra}) 17... Nb4 18. Ng3 {1/2-1/2 Grischuk,A 
(2717)-Rublevsky,S (2680)/Elista 2007/CBM 119} Nxc2 19. Bg5 Nxa1 20. Bxf6 Qc5
21. Qd2 Nb3 22. Qg5 h6 23. Qg4 g6 24. Nd5 Nd4 25. Bg5 Qxd5 26. exd5 Bxf5 27.
Nxf5 gxf5 28. Qh5 hxg5 29. Be4 Bg7 30. Bxf5 Nxf5 31. Rxf5 Rb7 32. Rxg5 e4 33.
h4 e3 34. Qe2 Rbe7 35. Kh2 Re5 36. Rg3 Re4 37. Kh3 R8e5 38. Rf3 Bh6 39. Rf6
Rxh4+ 40. Kg3 Rhh5 41. Rxd6 Ref5 42. Rxh6 Rxh6 43. Qxe3 Rg6+ 44. Kh4 Rxd5 45.
g4 Re6 46. Qc3 Re4 47. Qf6 b4 48. Kg3 Rd3+ 49. Kh4 Rdd4 50. Qg5+ Kh7 51. Qh5+
Kg7 52. Qg5+ Kf8 53. Qc5+ Ke8 54. Qc8+ Ke7 55. Qc5+ Kd7 56. Qf5+ Kc6 57. Qxf7
Rxg4+ 58. Kh3 Rge4 59. Kg3 Kc5 60. Qc7+ Kb5 61. Kf3 Rf4+ 62. Ke3 Rde4+ 63. Kd3
Rd4+ 64. Ke3 Rfe4+ 65. Kf3 Rh4 66. b3 Rh3+ 67. Ke2 {1/2-1/2 Jakovenko,D (2709)
-Rublevsky,S (2699)/Poikovsky 2008/CBM 125}) 16. Bb6 Qe7 17. Nxf4 Be6 18. Rad1
g6 19. Qd2 Ne5 20. Be2 Rbc8 21. Bf2 h6 22. h3 Rc6 23. Bh4 g5 24. Nxe6 Qxe6 25.
Bg3 Nc4 26. Qd4 Bg7 27. Bxc4 Rxc4 28. Qxd6 Qxd6 {1/2-1/2 Adams,M (2741)-Anand,
V (2786)/Linares 2005/CBM 106}) 15... dxe5 16. Nb3 Nb4 $6 17. Ba7 Ra8 18. Bb6
Qe7 19. Rad1 Be6 20. Nd5 Bxd5 21. exd5 e4 22. d6 Qe6 23. Nc5 Qf5 24. Be2 Qxf2
25. Rxf2 Nbd5 26. a5 Nxb6 27. axb6 Rab8 28. Rxf6 $5 gxf6 29. Nd7 f5 30. c4 a5
31. c5 Bg7 $4 32. Nxb8 Rxb8 33. Ba6 $3 $18 Bf6 34. Bxb7 Rxb7 35. c6 Rxb6 36.
Rc1 Bxb2 37. d7 1-0

[Event "XXVI Ciudad de Linares"]
[Site "Linares"]
[Date "2009.03.05"]
[Round "12"]
[White "Radjabov, Teimour"]
[Black "Dominguez Perez, Leinier"]
[Result "1/2-1/2"]
[WhiteElo "2760"]
[BlackElo "2717"]
[PlyCount "129"]
[EventDate "2009.??.??"]
[Source "Chess Tigers"]
[SourceDate "2009.01.01"]

1. e4 c5 2. c3 Nf6 3. e5 Nd5 4. Nf3 Nc6 5. Bc4 e6 6. d4 cxd4 7. cxd4 d6 8. O-O
Be7 9. Qe2 O-O 10. Nc3 Nxc3 11. bxc3 dxe5 12. dxe5 Qa5 13. a4 (13. Qe4 Qa4 14.
Bg5 h6 15. Bxe7 Nxe7 16. Rab1 Bd7 (16... Rb8 17. Rb4 Qc6 18. Qe3 b6 19. Bd3 Bb7
20. Rg4 Nf5 21. Bxf5 exf5 22. Nd4 Qc8 23. Rf4 g6 24. Rh4 h5 25. Rxh5 {1-0
Nisipeanu,L (2675)-Ramirez Alvarez,A (2483)/Decameron 2003/CBM 099}) 17. Bd3
Qxe4 18. Bxe4 Bc6 19. Bxc6 bxc6 20. Rb7 (20. c4 Rab8 21. Rfd1 Rfd8 22. Rxd8+
Rxd8 23. h4 Nf5 24. Kf1 Rd3 25. Rb8+ Kh7 26. Rb7 Nd4 27. Nxd4 Rd1+ 28. Ke2 Rxd4
29. Rxf7 Rxc4 30. Rxa7 Rxh4 31. Ke3 Rg4 32. Re7 Kg6 33. Kf3 Ra4 34. g4 Rxa2 35.
Rxe6+ Kg5 36. Rxc6 Ra4 37. Rc7 g6 38. Rf7 Ra3+ 39. Ke4 Kxg4 40. e6 Ra1 41. Ke5
h5 42. e7 Re1+ 43. Kf6 h4 44. Rf8 Kf3 45. Kg5+ {1-0 Mamedyarov,S (2657)
-Ramirez Alvarez,A (2507)/Wijk aan Zee 2005/CBM 105}) 20... Nd5 21. c4 Nc3 22.
a3 Rfb8 23. Rc7 Rc8 24. Rb7 Rcb8 25. Rc7 Rc8 26. Rb7 Rcb8 {1/2-1/2 Adams,M 
(2746)-Tkachiev,V (2672)/Cannes 2001/CBM 082}) (13. Rb1 a6 14. Re1 Rd8 15. Qe4
g6 16. Bh6 Bf8 17. Bxf8 Rxf8 18. Qf4 f5 19. exf6 Qxc3 20. Ne5 Nxe5 21. Rxe5 Rf7
22. Rd1 Bd7 23. Re3 Qc2 24. Red3 Rc8 25. Bxe6 Bxe6 26. Rd8+ Rf8 27. Qh6 Qc7 28.
Qxf8# {1-0 Godena,M (2533)-Vescovi,G (2648)/playchess.com INT 2004/CBM 099 ext}
) 13... Rd8 14. Bd2 Bd7 $146 (14... Qc7 15. Bd3 b6 16. Qe4 g6 17. a5 bxa5 18.
Bf4 Bb7 19. Qe2 Nb8 20. Rfc1 Nd7 21. Nd2 Rab8 22. Qe3 Bf8 23. Bb5 Nb6 24. Ne4
Nd5 25. Nf6+ Kh8 26. Nxd5 Rxd5 27. Bf1 Bc6 28. c4 Rd7 29. Rcb1 Kg8 30. h4 a4
31. h5 a5 32. Bg5 Rb3 33. Qf4 Qb6 34. Rd1 Rb2 35. Rd6 h6 36. Bf6 g5 37. Bxg5
Rxd6 38. exd6 Bxd6 {0-1 Gaujens,A (2447)-Mukherjee,A (2514)/Russia 2004/Corr
2008}) 15. Bd3 Be8 16. Rfe1 Rd7 17. Qe4 g6 18. Bb5 Rc8 19. Bg5 Qd8 20. Qf4 Rd5
21. h4 Na5 22. Bxe7 Qxe7 23. Bxe8 Rxe8 24. Rab1 Kg7 25. Ng5 Nc6 26. Rb5 Red8
27. Qf6+ Qxf6 28. exf6+ Kxf6 29. Rxb7 R8d7 30. Nxh7+ Kg7 31. Rxd7 Rxd7 32. Ng5
Ne7 33. c4 Rb7 34. c5 Rb4 35. Re4 Rb1+ 36. Kh2 Nc6 37. Rf4 Rb7 38. g3 e5 39.
Rc4 Rb2 40. Kg2 f6 41. Ne6+ Kf7 42. Nd8+ Nxd8 43. c6 Nxc6 44. Rxc6 e4 45. Kf1
f5 46. Rc7+ Kf6 47. Rxa7 f4 48. gxf4 Kf5 49. Ra5+ Kxf4 50. Rg5 Ra2 51. Rxg6
Rxa4 52. Kg2 Ra5 53. Rg7 Rb5 54. Rg3 Ra5 55. Kh3 Ra1 56. Kg2 Ra5 57. Re3 Rb5
58. Re1 Ra5 59. Rh1 Kg4 60. Rh3 Rh5 61. Rg3+ Kxh4 62. Rh3+ Kg4 63. Rxh5 Kxh5
64. f3 exf3+ 65. Kxf3 1/2-1/2

[Event "XXVI Ciudad de Linares"]
[Site "Linares"]
[Date "2009.03.07"]
[Round "14"]
[White "Radjabov, Teimour"]
[Black "Wang, Yue"]
[Result "1/2-1/2"]
[WhiteElo "2760"]
[BlackElo "2739"]
[PlyCount "58"]
[EventDate "2009.??.??"]
[EventCountry "ESP"]
[Source "Chess Tigers"]
[SourceDate "2009.01.01"]

1. d4 d5 2. c4 c6 3. Nc3 Nf6 4. Nf3 a6 5. c5 Bf5 6. Bf4 Nbd7 7. e3 Nh5 8. h3
Nxf4 9. exf4 e6 10. Bd3 Bxd3 11. Qxd3 g6 12. O-O Bg7 13. b4 O-O 14. Rfe1 b6 15.
cxb6 Qxb6 16. Rab1 Qc7 17. g3 Rfb8 18. Rec1 Qd6 19. Ne2 Rxb4 20. Rxb4 Qxb4 21.
Rxc6 Nb6 22. Qb3 Qxb3 23. axb3 Rb8 24. Ne5 a5 25. Rc7 Bxe5 26. fxe5 a4 27. bxa4
Nxa4 28. Kg2 Nb2 29. Rc3 Nc4 1/2-1/2

[Event "XXVI Ciudad de Linares"]
[Site "Linares"]
[Date "2009.03.07"]
[Round "14"]
[White "Dominguez Perez, Leinier"]
[Black "Ivanchuk, Vassily"]
[Result "1/2-1/2"]
[WhiteElo "2717"]
[BlackElo "2779"]
[PlyCount "69"]
[EventDate "2009.??.??"]
[EventCountry "ESP"]
[Source "Chess Tigers"]
[SourceDate "2009.01.01"]

1. e4 e5 2. Nf3 Nc6 3. Bb5 a6 4. Ba4 Nf6 5. O-O Be7 6. Re1 b5 7. Bb3 O-O 8. h3
Bb7 9. d3 Re8 10. Nc3 h6 11. Bd2 Rb8 12. Nd5 Bf8 13. a4 d6 14. Nxf6+ Qxf6 15.
c3 Bc8 16. axb5 axb5 17. Nh2 Be6 18. Ng4 Qg6 19. Bxe6 Qxe6 20. Ne3 Ne7 21. Ra7
c6 22. Qg4 Qxg4 23. hxg4 d5 24. Kf1 Nc8 25. Rc7 dxe4 26. dxe4 Nd6 27. f3 Rec8
28. Rxc8 Nxc8 29. Ra1 Nb6 30. Ra6 Bc5 31. b4 Bxe3 32. Bxe3 Nc4 33. Ke2 Rc8 34.
Ra7 g5 35. Bc5 1/2-1/2

[Event "XXVI Ciudad de Linares"]
[Site "Linares"]
[Date "2009.03.07"]
[Round "14"]
[White "Aronian, Levon"]
[Black "Grischuk, Alexander"]
[Result "1/2-1/2"]
[WhiteElo "2750"]
[BlackElo "2733"]
[PlyCount "82"]
[EventDate "2009.??.??"]
[EventCountry "ESP"]
[Source "Chess Tigers"]
[SourceDate "2009.01.01"]

1. c4 g6 2. Nf3 Bg7 3. d4 Nf6 4. Nc3 O-O 5. e4 d6 6. Be2 e5 7. Be3 Ng4 8. Bg5
f6 9. Bc1 exd4 10. Nxd4 f5 11. h3 Nh6 12. exf5 Nxf5 13. Nxf5 Bxf5 14. Be3 Nc6
15. Qd2 a5 16. O-O Kh8 17. Rad1 Qf6 18. Nd5 Qf7 19. b3 b6 20. a3 Rae8 21. Rfe1
Re6 22. Bf1 Rfe8 23. b4 axb4 24. axb4 h5 25. b5 Na5 26. Bd4 Kh7 27. Rxe6 Bxe6
28. Bxg7 Qxg7 29. Re1 Qf7 30. Re4 Bxd5 31. Rf4 Qg8 32. cxd5 Nb3 33. Qc3 Nc5 34.
Qf3 Kg7 35. g4 Re5 36. Bc4 Qe8 37. Bd3 hxg4 38. hxg4 Qe7 39. Kg2 Nd7 40. Bc2
Nf6 41. Rd4 Rg5 1/2-1/2